000 01239nam a22003497a 4500
003 CHAP
005 20220817042807.0
008 971013s1981 r 00010 d
010 _a55876
011 _a56848
035 _a61001
040 _cCHAP
082 _a631.7
_bS43 1981
100 0 0 _aShalhevet, J.
_ecomp.
_9105460
245 _aIrrigation of field orchard crops under semi-arid conditions
260 _aBet Dagan :
_bInternational Irrigation Information Center,
_c1981
300 _a132 p.
_b; gráfs.
490 _aIIIC publication
_v; 1
590 _aBATCH-UPD
_b10
_c20130110
_lUCH01
_h1638
590 _aBATCH-UPD
_b10
_c20130410
_lUCH01
_h1029
590 _aBATCH-UPD
_b10
_c20130914
_lUCH01
_h1120
590 _aCONVERSION
_b10
_c20130109
_lUCH01
_h1330
650 1 4 _aCultivos
_xIrrigación.
_930287
650 1 4 _aIrrigación
_xIsrael.
_960426
650 1 4 _aIrrigación
_xRegiones áridas.
_960478
830 0 _aIIIC publication
_v; 1
901 _aBK
942 _cLIBRO
949 _a631.7 S43 1981
_bBC
_cLIBRO
_d33724000167995
_eLIBRO
_fc.2
_h57459
_i61001
_si
949 _a631.7 S43 1981
_bBC
_cLIBRO
_d33724000168001
_eLIBRO
_h57458
_i61001
_si
949 _a631.7 S43 1981
_bBC
_cLIBRO
_d33724000168027
_eLIBRO
_fc.3
_h57460
_i61001
_si
999 _c55876
_d55876